Construction robots take a step forward (Record no. 15428)

MARC details
000 -LEADER
fixed length control field 00874cab a2200205 4500
001 - CONTROL NUMBER
control field ABS40313
008 - FIXED-LENGTH DATA ELEMENTS--GENERAL INFORMATION
fixed length control field 090401t1989 xxu||||| |||| 00| 0 eng d
035 ## - SYSTEM CONTROL NUMBER
System control number (Sirsi) u23017
041 ## - LANGUAGE CODE
Language code of text/sound track or separate title eng
100 ## - MAIN ENTRY--PERSONAL NAME
Personal name Cusack, M.M.
245 ## - TITLE STATEMENT
Title Construction robots take a step forward
260 ## - PUBLICATION, DISTRIBUTION, ETC.
Date of publication, distribution, etc. 1989
350 ## - PRICE (NR) (BK AM CF MU VM SE) [OBSOLETE]
Price 0
490 ## - SERIES STATEMENT
Series statement Building Technology & Management
Volume/sequential designation 27(1) February/March 1989, 7-8(2)
520 ## - SUMMARY, ETC.
Summary, etc. Discusses the application of robotics to the construction industry , highlighting the lessons to be learned from the Japan ese. Reviews the findings of a feasibility study on the potential use of advanced robotics undertaken by CIRIA , the first stage in a three-stage process envisaged by the DTI for development of an autonomous device within each industry area.
650 ## - SUBJECT ADDED ENTRY--TOPICAL TERM
Topical term or geographic name entry element COMPUTERS
690 ## - LOCAL SUBJECT ADDED ENTRY--TOPICAL TERM (OCLC, RLIN)
Topical term or geographic name as entry element BUILT ENVIRONMENT
942 ## - ADDED ENTRY ELEMENTS (KOHA)
Suppress in OPAC 0
948 ## - LOCAL PROCESSING INFORMATION (OCLC); SERIES PART DESIGNATOR (RLIN)
c (OCLC) 04/03/1997
Holdings
Withdrawn status Lost status Source of classification or shelving scheme Damaged status Not for loan Home library Current library Shelving location Date acquired Total Checkouts Full call number Barcode Date last seen Copy number Price effective from Koha item type
    Dewey Decimal Classification     London London Journal article 14/09/1999   ABS40313 23017-1001 06/08/2019 1 06/08/2019 Journal article